[Event "Hofheim Spring op 7th"]
[Site "Hofheim"]
[Date "2019.04.24"]
[Round "3"]
[White "Kirchhof, Arno"]
[Black "Sever, Mustafa Batuhan"]
[Result "1-0"]
[WhiteElo "1957"]
[BlackElo "2068"]
[PlyCount "81"]
[EventDate "2019.04.23"]
[EventType "swiss"]
[EventRounds "9"]
[EventCountry "GER"]
[SourceTitle "CBM 190 Extra"]
[Source "ChessBase"]
[SourceDate "2019.07.15"]
[SourceVersion "1"]
[SourceVersionDate "2019.07.15"]
[SourceQuality "1"]

1. d4 f5 2. Nc3 Nf6 3. Bg5 d5 4. Bxf6 exf6 5. e3 Be6 6. Bd3 g6 7. Qf3 Nc6 8. a3 Qd7 9. Nge2 Ne7 10. 0-0-0 c6 11. h3 Bg7 12. Rdg1 h5 13. Nf4 Bf7 14. g4 hxg4 15. hxg4 fxg4 16. Rxh8+ Bxh8 17. Qh1 0-0-0 18. Qh7 Qe8 19. Rxg4 f5 20. Rg1 Bf6 21. Nh3 Kb8 22. Ng5 Bg8 23. Qh2+ Ka8 24. Ne2 c5 25. dxc5 Nc6 26. Bb5 Qe7 27. Bxc6 bxc6 28. Nf3 Qxc5 29. Ned4 Qb6 30. Rxg6 c5 31. Qh6 Qa6 32. Rxf6 Qf1+ 33. Kd2 Qxf2+ 34. Ne2 Qxf3 35. Rf8 Rxf8 36. Qxf8+ Kb7 37. Qxg8 d4 38. Qg7+ Kc6 39. exd4 Qf2 40. Qf6+ Kd7 41. dxc5 1-0

[Event "Berlin Werner Ott op"]
[Site "Berlin"]
[Date "2018.07.02"]
[Round "3"]
[White "Stern, Rene"]
[Black "Kirchhof, Arno"]
[Result "1-0"]
[WhiteElo "2510"]
[BlackElo "2041"]
[PlyCount "83"]
[EventDate "2018.06.30"]
[EventType "swiss"]
[EventRounds "9"]
[EventCountry "GER"]
[SourceTitle "CBM 185 Extra"]
[Source "ChessBase"]
[SourceDate "2018.07.29"]
[SourceVersion "1"]
[SourceVersionDate "2018.07.29"]
[SourceQuality "1"]

1. Nf3 d5 2. d4 Nf6 3. c4 e6 4. Nc3 Be7 5. Bg5 h6 6. Bxf6 Bxf6 7. e3 c6 8. Qc2 Nd7 9. cxd5 exd5 10. Bd3 Be7 11. 0-0-0 Nf6 12. h3 Be6 13. Ne5 Qa5 14. Kb1 Nd7 15. f4 Nxe5 16. fxe5 0-0-0 17. Bf5 Bb4 18. Ne2 Bd7 19. Nf4 Rhe8 20. Rhf1 g6 21. Bxd7+ Rxd7 22. e6 fxe6 23. Qxg6 Rde7 24. Qxh6 e5 25. Ng6 Re6 26. dxe5 Qb5 27. Qh5 Bd2 28. Qf5 Bc3 29. Rf2 Kb8 30. Nf8 R6e7 31. e6 Bg7 32. Nd7+ Ka8 33. Qg4 a5 34. Rc2 b6 35. a4 Qb3 36. e4 d4 37. e5 Qxe6 38. Qxd4 c5 39. Qd6 Qxd6 40. Rxd6 Bxe5 41. Nxe5 Rxe5 42. Rxb6 1-0

[Event "Berlin Werner Ott op"]
[Site "Berlin"]
[Date "2018.06.30"]
[Round "1"]
[White "Zhou, Lepu Coco"]
[Black "Kirchhof, Arno"]
[Result "0-1"]
[WhiteElo "1641"]
[BlackElo "2041"]
[PlyCount "124"]
[EventDate "2018.06.30"]
[EventType "swiss"]
[EventRounds "9"]
[EventCountry "GER"]
[SourceTitle "CBM 185 Extra"]
[Source "ChessBase"]
[SourceDate "2018.07.29"]
[SourceVersion "1"]
[SourceVersionDate "2018.07.29"]
[SourceQuality "1"]

1. e4 e6 2. d4 d5 3. Nc3 Bb4 4. e5 c5 5. a3 Bxc3+ 6. bxc3 Ne7 7. Bd3 Nbc6 8. Nf3 Qa5 9. 0-0 Bd7 10. Rb1 c4 11. Be2 0-0-0 12. Bd2 Nb8 13. Qc1 Ba4 14. Ng5 Rdf8 15. Bg4 Nd7 16. f4 h6 17. Nf3 g6 18. Bh3 Rfg8 19. Be1 Nc6 20. Qb2 Qb6 21. Qxb6 axb6 22. Rb2 Ne7 23. g4 Kc7 24. Bg2 f6 25. exf6 Nxf6 26. Ne5 g5 27. fxg5 Nd7 28. Nf7 Rh7 29. Bg3+ Kc6 30. Re1 e5 31. Nxe5+ Nxe5 32. Rxe5 Rxg5 33. Re6+ Kd7 34. Rd6+ Ke8 35. Rdxb6 Bc6 36. a4 Rxg4 37. a5 Rhg7 38. a6 bxa6 39. Rxa6 h5 40. Rb8+ Kf7 41. Rh8 R4g5 42. Kf1 Bd7 43. Ke1 Ng6 44. Rb8 h4 45. Rb7 Nf8 46. Be5 Rxg2 47. Bxg7 Kxg7 48. Rd6 Rxh2 49. Rbxd7+ Nxd7 50. Rxd7+ Kg6 51. Rxd5 Rxc2 52. Rd6+ Kg5 53. Re6 h3 54. Re5+ Kf4 55. Rh5 h2 56. Kd1 Ra2 57. Kc1 h1Q+ 58. Rxh1 Ra1+ 59. Kb2 Rxh1 60. Ka3 Rb1 61. Ka4 Ke4 62. Ka5 Rb3 0-1

[Event "Berlin Werner Ott op"]
[Site "Berlin"]
[Date "2017.07.22"]
[Round "8"]
[White "Kievelitz, Bernd"]
[Black "Kirchhof, Arno"]
[Result "1-0"]
[WhiteElo "1844"]
[BlackElo "2075"]
[PlyCount "63"]
[EventDate "2017.07.15"]
[EventType "swiss"]
[EventRounds "9"]
[EventCountry "GER"]
[SourceTitle "EXT 2019"]
[Source "ChessBase"]
[SourceDate "2018.10.10"]
[SourceVersion "1"]
[SourceVersionDate "2018.10.10"]
[SourceQuality "1"]

1. Nf3 d5 2. d4 Nf6 3. c4 e6 4. Nc3 Be7 5. Bf4 0-0 6. e3 Nbd7 7. h3 dxc4 8. Bxc4 Nb6 9. Bd3 Nbd5 10. Bh2 Nxc3 11. bxc3 b6 12. Qc2 Bb7 13. e4 h6 14. 0-0 c5 15. Qe2 c4 16. Bc2 Ba3 17. Rab1 Rc8 18. Ne5 Bd6 19. f4 Qc7 20. a4 Nd7 21. Ng4 f6 22. e5 fxe5 23. fxe5 Ba3 24. Bf4 Nb8 25. Nxh6+ gxh6 26. Bxh6 Rf7 27. Rxf7 Qxf7 28. Rf1 Qd7 29. Qg4+ Kh8 30. Qh5 Qe8 31. Bg7+ Kxg7 32. Qh7# 1-0

[Event "Bad Woerishofen op 33rd"]
[Site "Bad Woerishofen"]
[Date "2017.03.11"]
[Round "2"]
[White "Melamed, Tatiana"]
[Black "Kirchhof, Arno"]
[Result "1-0"]
[WhiteElo "2327"]
[BlackElo "2078"]
[PlyCount "53"]
[EventDate "2017.03.10"]
[EventType "swiss"]
[EventRounds "9"]
[EventCountry "GER"]
[SourceTitle "EXT 2018"]
[Source "ChessBase"]
[SourceDate "2017.10.13"]
[SourceVersion "1"]
[SourceVersionDate "2017.10.13"]
[SourceQuality "1"]

1. e4 e6 2. d4 d5 3. Nc3 Bb4 4. e5 c5 5. dxc5 Nc6 6. Nf3 Nge7 7. Bd3 Ng6 8. 0-0 Bxc3 9. bxc3 Ncxe5 10. Nxe5 Nxe5 11. Bf4 Nxd3 12. cxd3 0-0 13. Bd6 Re8 14. f4 b6 15. d4 bxc5 16. dxc5 Bb7 17. Qa4 Qc8 18. Qd4 Qd7 19. Rf3 f6 20. Rg3 Qf7 21. Qa4 Rec8 22. Rb1 Bc6 23. Qa6 Qh5 24. Re1 Qf5 25. Qe2 Bd7 26. Re3 Kf7 27. g4 1-0

[Event "Berlin-ch QT"]
[Site "Berlin"]
[Date "2015.04.05"]
[Round "3"]
[White "Kirchhof, Arno"]
[Black "Hoffmann, Peter2222"]
[Result "1-0"]
[WhiteElo "2064"]
[BlackElo "1958"]
[PlyCount "115"]
[EventDate "2015.04.03"]
[EventType "swiss"]
[EventRounds "9"]
[EventCountry "GER"]
[SourceTitle "EXT 2022"]
[Source "ChessBase"]
[SourceDate "2021.10.06"]
[SourceVersion "1"]
[SourceVersionDate "2021.10.06"]
[SourceQuality "1"]

1. d4 d5 2. c4 Nc6 3. Nf3 Bg4 4. Nc3 e6 5. e3 Nf6 6. Be2 Bb4 7. 0-0 0-0 8. Bd2 dxc4 9. Bxc4 a6 10. a3 Bd6 11. Be2 h6 12. Qc2 e5 13. d5 Ne7 14. e4 Nd7 15. h3 Bxf3 16. Bxf3 f5 17. Rad1 Qe8 18. b4 f4 19. Bg4 Nf6 20. Be6+ Kh8 21. g4 fxg3 22. fxg3 Qg6 23. Kh2 a5 24. Qb3 axb4 25. axb4 Ra3 26. Rde1 Rfa8 27. Qb2 R3a6 28. Rf3 Rb6 29. b5 Bc5 30. Be3 Bd4 31. Bxd4 exd4 32. Nd1 Nxe4 33. Qxd4 Ra2+ 34. Nf2 Ng5 35. Rf8+ Kh7 36. Bd7 Qd6 37. Rxe7 Qxe7 38. Bf5+ Rg6 39. Bxg6+ Kxg6 40. Rf4 Qe2 41. Kg2 Rd2 42. Qb4 Rd1 43. g4 Qf1+ 44. Kg3 Qg1+ 45. Kh4 Re1 46. Qd4 Kh7 47. b6 cxb6 48. Qd3+ g6 49. Rf6 Re4 50. Nxe4 Qe1+ 51. Ng3 Nf3+ 52. Qxf3 g5+ 53. Kh5 Qe8+ 54. Rf7+ Kg8 55. Kxh6 Qxf7 56. Qxf7+ Kxf7 57. Kxg5 b5 58. Kf5 1-0

[Event "Berlin Lichtenrade op 10th"]
[Site "Berlin"]
[Date "2014.10.19"]
[Round "2"]
[White "Milanovic, Danilo"]
[Black "Kirchhof, Arno"]
[Result "1-0"]
[WhiteElo "2485"]
[BlackElo "2053"]
[PlyCount "131"]
[EventDate "2014.10.18"]
[EventType "swiss"]
[EventRounds "9"]
[EventCountry "GER"]
[SourceTitle "EXT 2015"]
[Source "ChessBase"]
[SourceDate "2014.11.20"]
[SourceVersion "1"]
[SourceVersionDate "2014.11.20"]
[SourceQuality "1"]

1. d4 d5 2. c4 e6 3. Nc3 Be7 4. Nf3 Nf6 5. Bf4 Nbd7 6. e3 c6 7. h3 0-0 8. Rc1 b6 9. cxd5 exd5 10. Bd3 Bb7 11. 0-0 c5 12. dxc5 Nxc5 13. Be2 Ne6 14. Be5 Rc8 15. Qd3 Nd7 16. Bh2 Ndc5 17. Qb1 Ne4 18. Nb5 a6 19. Rxc8 Bxc8 20. Nbd4 Nxd4 21. exd4 Bd6 22. Bxd6 Qxd6 23. Bd3 Bb7 24. Re1 Rc8 25. Qd1 Qb4 26. Re2 a5 27. a3 Qd6 28. Re3 f6 29. Nd2 Qf4 30. Nf3 Qc7 31. Qe2 Qf4 32. Qe1 Qc7 33. Qe2 Qf4 34. g3 Qc7 35. Kg2 Qc1 36. Ne1 Qc7 37. Qd1 Kf7 38. Nf3 Re8 39. Qe2 Re7 40. Nh4 g6 41. Nf3 Nd6 42. Rxe7+ Qxe7 43. Qc2 Kg7 44. Ng1 Qd7 45. Ne2 Qc8 46. Nc3 Bc6 47. h4 Qg4 48. Ne2 Qd7 49. Nf4 Nb5 50. Bxg6 Nxd4 51. Qd3 hxg6 52. Qxd4 Qd6 53. Kh2 Bb7 54. Qd3 f5 55. Qd4+ Kf7 56. Qh8 Qf6 57. Qb8 Qc6 58. Nd3 Ke6 59. Qg8+ Kf6 60. Qd8+ Ke6 61. Nf4+ Kf7 62. Nh3 Ke6 63. Ng5+ Ke5 64. Qe7+ Kd4 65. Nf3+ Kc4 66. Ne5+ 1-0

[Event "Forchheim op-A 13th"]
[Site "Forchheim"]
[Date "2014.10.03"]
[Round "2"]
[White "Kirchhof, Arno"]
[Black "Reimann, Gunther"]
[Result "1/2-1/2"]
[WhiteElo "2053"]
[BlackElo "1981"]
[PlyCount "189"]
[EventDate "2014.10.03"]
[EventType "swiss"]
[EventRounds "5"]
[EventCountry "GER"]
[SourceTitle "EXT 2019"]
[Source "ChessBase"]
[SourceDate "2018.10.10"]
[SourceVersion "1"]
[SourceVersionDate "2018.10.10"]
[SourceQuality "1"]

1. d4 d5 2. c4 c6 3. e3 Nf6 4. Nf3 e6 5. b3 b6 6. Bb2 Bb7 7. Be2 Be7 8. 0-0 0-0 9. Nbd2 Nbd7 10. Rc1 Rc8 11. Bd3 c5 12. Qe2 Ne4 13. Rfd1 Bf6 14. Ne5 Qe7 15. Nxe4 dxe4 16. Nxd7 Qxd7 17. Bb1 Qe7 18. dxc5 Bxb2 19. Qxb2 bxc5 20. Qe5 f6 21. Qh5 Rfd8 22. h3 g6 23. Qe2 Kf7 24. Rxd8 Rxd8 25. Rd1 Rd6 26. Kf1 Qc7 27. g3 e5 28. Bc2 Ke7 29. Ke1 Qd7 30. Rxd6 Qxd6 31. Qd2 Qe6 32. Qa5 Qb6 33. Qxb6 axb6 34. a3 Bc8 35. h4 Bb7 36. Kd2 f5 37. Bd1 h6 38. b4 Kd6 39. Ba4 Ba6 40. Kc3 Bc8 41. Be8 g5 42. hxg5 hxg5 43. Kb3 Be6 44. a4 Bc8 45. Bf7 Bb7 46. Bg6 Bc8 47. Bh7 Kc6 48. Bg8 Kb7 49. Bd5+ Ka6 50. Bc6 Be6 51. Bb5+ Kb7 52. bxc5 bxc5 53. a5 Ka7 54. Ka3 Kb7 55. Ka4 Ka7 56. Kb3 Kb7 57. Kc3 Ka7 58. Kd2 Kb7 59. Ke2 Ka7 60. f3 exf3+ 61. Kxf3 Bc8 62. Ke2 Bb7 63. Kd3 Be4+ 64. Ke2 Kb7 65. Kd2 Kc7 66. Ke2 Kd6 67. Be8 Bb7 68. Bf7 f4 69. exf4 gxf4 70. gxf4 exf4 71. Kf2 Ke5 72. Bg8 Kd4 73. Bf7 Kc3 74. Bd5 Bc8 75. Kf3 Kb4 76. Kxf4 Kxa5 77. Ke3 Kb4 78. Bf7 Kc3 79. Ke4 Bb7+ 80. Ke5 Kb4 81. Kf4 Ba6 82. Ke3 Bxc4 83. Bg6 Kc3 84. Bf5 Bf7 85. Bd3 Bc4 86. Bf5 Kb4 87. Kd2 Bf7 88. Bd3 Be8 89. Kc2 Bd7 90. Kb2 Ba4 91. Be2 Bb3 92. Bd3 Bc4 93. Bf5 Be2 94. Be6 Kb5 95. Kb3 1/2-1/2

[Event "Berlin-ch QT"]
[Site "Berlin"]
[Date "2013.04.07"]
[Round "9"]
[White "Kirchhof, Arno"]
[Black "Jaeger, Andre"]
[Result "1-0"]
[WhiteElo "2073"]
[BlackElo "2012"]
[PlyCount "63"]
[EventDate "2013.03.30"]
[EventType "swiss"]
[EventRounds "9"]
[EventCountry "GER"]
[SourceTitle "EXT 2023"]
[Source "ChessBase"]
[SourceDate "2022.10.05"]
[SourceVersion "1"]
[SourceVersionDate "2022.10.05"]
[SourceQuality "1"]

1. e3 g6 2. c4 Bg7 3. Nc3 e5 4. g3 Nc6 5. Bg2 f5 6. Nge2 Nf6 7. b3 e4 8. d4 exd3 9. Qxd3 Nb4 10. Qd1 Ne4 11. Bb2 Nxc3 12. Bxc3 Bxc3+ 13. Nxc3 c6 14. 0-0 Qf6 15. Qd2 d6 16. Nb5 cxb5 17. Qxb4 bxc4 18. Qxc4 Bd7 19. Bxb7 Rb8 20. Bc6 Rc8 21. Bxd7+ Kxd7 22. Qa4+ Ke6 23. e4 f4 24. Qxa7 g5 25. e5 dxe5 26. Rac1 Kf5 27. Rxc8 Rxc8 28. Qxh7+ Ke6 29. Rd1 Rd8 30. Rxd8 Qxd8 31. Qg6+ Kd7 32. Qd3+ 1-0

[Event "Berlin Eckbauer op 15th"]
[Site "Berlin"]
[Date "2012.11.19"]
[Round "6.1"]
[White "Kirchhof, Arno"]
[Black "Kalinitschew, Sergey"]
[Result "0-1"]
[WhiteElo "2055"]
[BlackElo "2469"]
[PlyCount "46"]
[EventDate "2012.10.15"]
[EventType "swiss"]
[EventRounds "7"]
[EventCountry "GER"]
[SourceTitle "EXT 2022"]
[Source "ChessBase"]
[SourceDate "2021.10.06"]
[SourceVersion "1"]
[SourceVersionDate "2021.10.06"]
[SourceQuality "1"]

1. d4 Nf6 2. Nf3 e6 3. c4 b6 4. a3 Bb7 5. Nc3 g6 6. Qc2 Bg7 7. e4 d6 8. Be2 0-0 9. Bg5 h6 10. Bh4 g5 11. Bg3 Nh5 12. 0-0-0 Nd7 13. e5 Nxg3 14. hxg3 g4 15. Nh2 dxe5 16. Nxg4 exd4 17. Rxd4 Bxd4 18. Nxh6+ Kg7 19. Nxf7 Rxf7 20. Rh7+ Kf8 21. Rxf7+ Kxf7 22. Bh5+ Kf8 23. Qg6 Qf6 0-1

[Event "Berlin Werner Ott op"]
[Site "Berlin"]
[Date "2012.07.15"]
[Round "9"]
[White "Burger, Heinrich"]
[Black "Kirchhof, Arno"]
[Result "1/2-1/2"]
[WhiteElo "2141"]
[BlackElo "2034"]
[PlyCount "42"]
[EventDate "2012.07.07"]
[EventType "swiss"]
[EventRounds "9"]
[EventCountry "GER"]
[SourceTitle "CBM 149 Extra"]
[Source "ChessBase"]
[SourceDate "2012.08.24"]
[SourceVersion "1"]
[SourceVersionDate "2012.08.24"]
[SourceQuality "1"]

1. Nf3 d5 2. d4 c6 3. c4 Nf6 4. Qc2 g6 5. e3 Bf5 6. Qb3 Bxb1 7. Rxb1 Qb6 8. Qc2 Nbd7 9. a3 Bg7 10. Be2 0-0 11. 0-0 e6 12. c5 Qc7 13. b4 e5 14. dxe5 Nxe5 15. Nxe5 Qxe5 16. Bb2 Qe4 17. Qd1 Qh4 18. Bd4 Nd7 19. Bxg7 Kxg7 20. Qd4+ Qxd4 21. exd4 Rfe8 1/2-1/2

[Event "Berlin Werner Ott op"]
[Site "Berlin"]
[Date "2012.07.13"]
[Round "7"]
[White "Lerch, Philipp"]
[Black "Kirchhof, Arno"]
[Result "1-0"]
[WhiteElo "2092"]
[BlackElo "2034"]
[PlyCount "101"]
[EventDate "2012.07.07"]
[EventType "swiss"]
[EventRounds "9"]
[EventCountry "GER"]
[SourceTitle "CBM 149 Extra"]
[Source "ChessBase"]
[SourceDate "2012.08.24"]
[SourceVersion "1"]
[SourceVersionDate "2012.08.24"]
[SourceQuality "1"]

1. e4 e6 2. d4 d5 3. Nd2 c5 4. exd5 exd5 5. Ngf3 Bd6 6. dxc5 Bxc5 7. Nb3 Bb6 8. Bb5+ Nc6 9. 0-0 Nge7 10. Re1 0-0 11. Bg5 f6 12. Be3 Re8 13. h3 Bc7 14. Bc5 Bd7 15. Bxc6 bxc6 16. Bxe7 Rxe7 17. Qd2 Qf8 18. Rxe7 Qxe7 19. Qd3 Re8 20. Rd1 Qe4 21. Qxe4 Rxe4 22. Nc5 Re7 23. Nd4 Bb6 24. b4 Kf7 25. Kf1 Be8 26. Nf5 Re5 27. Nd6+ Ke7 28. f4 Kxd6 29. fxe5+ fxe5 30. Ne4+ Ke7 31. Nf2 Bg6 32. c3 Bc2 33. Rd2 Ba4 34. Nd3 Bb5 35. h4 Ba4 36. Nxe5 Ke6 37. Nf3 Bb5+ 38. Ke1 Be3 39. Nd4+ Ke5 40. Rd1 Bc4 41. Nxc6+ Ke4 42. Nd4 Kf4 43. Ne2+ Ke5 44. Ng3 g6 45. Nf1 Bb6 46. Kd2 d4 47. cxd4+ Bxd4 48. Ne3 Bb5 49. Re1 Kf4 50. Nc2 Kg3 51. Nxd4 1-0

[Event "Berlin Werner Ott op"]
[Site "Berlin"]
[Date "2012.07.10"]
[Round "4"]
[White "Kirchhof, Arno"]
[Black "Lehmann, Klaus"]
[Result "1/2-1/2"]
[WhiteElo "2034"]
[BlackElo "2348"]
[PlyCount "66"]
[EventDate "2012.07.07"]
[EventType "swiss"]
[EventRounds "9"]
[EventCountry "GER"]
[SourceTitle "CBM 149 Extra"]
[Source "ChessBase"]
[SourceDate "2012.08.24"]
[SourceVersion "1"]
[SourceVersionDate "2012.08.24"]
[SourceQuality "1"]

1. d4 Nf6 2. Nf3 e6 3. c4 b6 4. a3 Bb7 5. Nc3 d5 6. Bg5 Nbd7 7. cxd5 exd5 8. e3 Be7 9. Bd3 0-0 10. 0-0 Ne4 11. Bxe7 Qxe7 12. Qc2 c5 13. Rac1 Rac8 14. dxc5 Ndxc5 15. Nd4 Ne6 16. Bxe4 dxe4 17. Nxe6 Qxe6 18. Qa4 Bc6 19. Qb4 a5 20. Qxb6 Rb8 21. Qxa5 Rxb2 22. Na4 Bxa4 23. Qxa4 g6 24. Rc4 Re8 25. Rfc1 Kg7 26. R4c2 Rxc2 27. Qxc2 h5 28. h3 Ra8 29. a4 Qe5 30. Qc6 Rb8 31. Qc3 Qxc3 32. Rxc3 Rb1+ 33. Kh2 Ra1 1/2-1/2

[Event "Berlin Lichtenrade op 07th"]
[Site "Berlin"]
[Date "2011.10.12"]
[Round "5"]
[White "Reichenbach, Werner"]
[Black "Kirchhof, Arno"]
[Result "1/2-1/2"]
[WhiteElo "2310"]
[BlackElo "2054"]
[PlyCount "58"]
[EventDate "2011.10.08"]
[EventType "swiss"]
[EventRounds "9"]
[EventCountry "GER"]
[SourceTitle "CBM 144 Extra"]
[Source "ChessBase"]
[SourceDate "2011.10.28"]
[SourceVersion "1"]
[SourceVersionDate "2011.10.28"]
[SourceQuality "1"]

1. e4 e6 2. d4 d5 3. Nc3 Bb4 4. Qd3 Ne7 5. a3 Bxc3+ 6. bxc3 b6 7. Qg3 0-0 8. Bd3 Ba6 9. Nf3 c5 10. e5 Bxd3 11. cxd3 Nbc6 12. 0-0 cxd4 13. cxd4 Na5 14. Rb1 Qd7 15. Bd2 Rfc8 16. h4 Rc2 17. h5 h6 18. Qf4 Qa4 19. g4 Nac6 20. Rfc1 Rc8 21. Qe3 Na5 22. Rxc2 Rxc2 23. Bb4 Nac6 24. Bd6 Qa5 25. Ne1 Rc3 26. Qd2 Rxa3 27. Qc1 Rc3 28. Qd2 Ra3 29. Qc1 Rc3 1/2-1/2

[Event "Berlin Lichtenrade op 07th"]
[Site "Berlin"]
[Date "2011.10.10"]
[Round "3"]
[White "Thompson, Ian D"]
[Black "Kirchhof, Arno"]
[Result "1/2-1/2"]
[WhiteElo "2276"]
[BlackElo "2054"]
[PlyCount "50"]
[EventDate "2011.10.08"]
[EventType "swiss"]
[EventRounds "9"]
[EventCountry "GER"]
[SourceTitle "CBM 144 Extra"]
[Source "ChessBase"]
[SourceDate "2011.10.28"]
[SourceVersion "1"]
[SourceVersionDate "2011.10.28"]
[SourceQuality "1"]

1. c4 e6 2. Nc3 d5 3. d4 Nf6 4. Bg5 Be7 5. e3 h6 6. Bh4 0-0 7. cxd5 Nxd5 8. Bxe7 Qxe7 9. Nf3 Nxc3 10. bxc3 c5 11. Bd3 Nd7 12. e4 b6 13. 0-0 cxd4 14. cxd4 e5 15. Bc4 exd4 16. Bd5 Rb8 17. Nxd4 Bb7 18. Nf5 Qf6 19. Bxb7 Rxb7 20. Nd6 Rbb8 21. f4 Rfd8 22. Qd5 Nc5 23. e5 Qe6 24. Rfd1 Qxd5 25. Rxd5 Ne6 1/2-1/2

[Event "Berlin Lichtenberger op 10th"]
[Site "Berlin"]
[Date "2011.08.18"]
[Round "6"]
[White "Niehaus, Frank"]
[Black "Kirchhof, Arno"]
[Result "1-0"]
[WhiteElo "2190"]
[BlackElo "2048"]
[PlyCount "53"]
[EventDate "2011.08.13"]
[EventType "swiss"]
[EventRounds "9"]
[EventCountry "GER"]
[SourceTitle "CBM 143 Extra"]
[Source "ChessBase"]
[SourceDate "2011.08.29"]
[SourceVersion "1"]
[SourceVersionDate "2011.08.29"]
[SourceQuality "1"]

1. e4 e6 2. d4 d5 3. Nc3 Bb4 4. e5 c5 5. a3 Bxc3+ 6. bxc3 Ne7 7. Qg4 Qc7 8. Qxg7 Rg8 9. Qxh7 cxd4 10. Ne2 Nbc6 11. f4 Bd7 12. Qd3 dxc3 13. Qxc3 0-0-0 14. Rb1 Nf5 15. Rg1 d4 16. Qd3 f6 17. g4 Nh4 18. exf6 e5 19. Kf2 e4 20. Qxe4 Bxg4 21. Rxg4 Rxg4 22. Qe6+ Qd7 23. Qxd7+ Rxd7 24. Bh3 Rg6 25. Bxd7+ Kxd7 26. Rxb7+ Kc8 27. Rh7 1-0

[Event "Berlin Lichtenberger op 10th"]
[Site "Berlin"]
[Date "2011.08.17"]
[Round "5"]
[White "Kirchhof, Arno"]
[Black "Kapp, Martin"]
[Result "1/2-1/2"]
[WhiteElo "2048"]
[BlackElo "2209"]
[PlyCount "55"]
[EventDate "2011.08.13"]
[EventType "swiss"]
[EventRounds "9"]
[EventCountry "GER"]
[SourceTitle "CBM 143 Extra"]
[Source "ChessBase"]
[SourceDate "2011.08.29"]
[SourceVersion "1"]
[SourceVersionDate "2011.08.29"]
[SourceQuality "1"]

1. d4 Nf6 2. c4 e6 3. Nf3 Bb4+ 4. Bd2 Be7 5. Nc3 d5 6. Bg5 Nbd7 7. e3 c6 8. Rc1 0-0 9. Bd3 h6 10. Bh4 dxc4 11. Bxc4 Nd5 12. Bxe7 Qxe7 13. 0-0 Nxc3 14. Rxc3 e5 15. e4 exd4 16. Qxd4 b5 17. Bd3 c5 18. Qd5 Rb8 19. Bb1 b4 20. Rcc1 Ba6 21. Rfe1 c4 22. Nd4 Ne5 23. f4 Nd3 24. Nc6 Qc7 25. Bxd3 Qb6+ 26. Kh1 cxd3 27. Nxb8 Qxb8 28. Red1 1/2-1/2

[Event "Berlin Lichtenberger op 10th"]
[Site "Berlin"]
[Date "2011.08.16"]
[Round "4"]
[White "Axmann, Steffen"]
[Black "Kirchhof, Arno"]
[Result "0-1"]
[WhiteElo "1893"]
[BlackElo "2048"]
[PlyCount "140"]
[EventDate "2011.08.13"]
[EventType "swiss"]
[EventRounds "9"]
[EventCountry "GER"]
[SourceTitle "CBM 143 Extra"]
[Source "ChessBase"]
[SourceDate "2011.08.29"]
[SourceVersion "1"]
[SourceVersionDate "2011.08.29"]
[SourceQuality "1"]

1. e4 e6 2. d3 c5 3. Nd2 g6 4. Ngf3 Bg7 5. g3 Nc6 6. Bg2 Nge7 7. 0-0 Qc7 8. Re1 d6 9. Qe2 b6 10. Rb1 Nb4 11. Nc4 Nxa2 12. Bd2 Nb4 13. Bxb4 cxb4 14. e5 dxe5 15. Nd4 exd4 16. Bxa8 Nc6 17. Bxc6+ Qxc6 18. Qe4 Qxe4 19. Rxe4 0-0 20. Ra1 Bb7 21. Ree1 Ra8 22. f4 Bd5 23. b3 Bf8 24. Ra6 Bb7 25. Ra2 Bc5 26. Kf2 a5 27. Ne5 Rd8 28. Raa1 f6 29. Nf3 Kf7 30. Re2 Bd5 31. h4 h5 32. Nd2 Ra8 33. Ne4 Be7 34. Ke1 b5 35. Kd2 a4 36. Ree1 Bc6 37. Ra2 Rc8 38. Raa1 Rd8 39. Re2 Rd5 40. Rf2 Rf5 41. Rff1 Bd7 42. Rac1 Kg7 43. Rb1 Rd5 44. Rfc1 a3 45. Rf1 e5 46. fxe5 Rxe5 47. Rbe1 Bh3 48. Rg1 Kf8 49. Nf2 Rxe1 50. Rxe1 Bf5 51. Ne4 Kf7 52. Ke2 g5 53. Nd2 gxh4 54. gxh4 Bg4+ 55. Nf3 f5 56. Kf2 Bxf3 57. Kxf3 Bxh4 58. Rh1 Bg5 59. Rxh5 Kg6 60. Rh8 Bd2 61. Ra8 Kg5 62. Rg8+ Kh5 63. Rh8+ Kg6 64. Rb8 Bc3 65. Ra8 Kf6 66. Kf4 Bd2+ 67. Kf3 Bc1 68. Ra5 Ke6 69. Rxb5 a2 70. Ra5 Ba3 0-1